[Event "Championnat de France - Open C"]
[Site "Pau"]
[Date "2008.08.15"]
[Round "4.3"]
[White "Kouatly, Sami"]
[Black "Vyvyan, Philippe"]
[Result "1-0"]
[WhiteElo "1707"]
[BlackElo "1756"]
[PlyCount "63"]

1. e4 c5 2. Nf3 Nc6 3. d4 cxd4 4. Nxd4 d6 5. Nc3 a6 6. Be3 e6 7. Qd2 Nf6 8.
O-O-O Qc7 9. h3 Be7 10. f4 b5 11. Bd3 Nd7 12. f5 Nc5 13. g4 b4 14. Nce2 Ne5 15.
Kb1 Nexd3 16. cxd3 e5 17. Nf3 a5 18. Rc1 Qb8 19. Nxe5 Nxe4 20. dxe4 dxe5 21.
Ng3 O-O 22. Nh5 Rd8 23. Qg2 f6 24. g5 fxg5 25. Bxg5 Qb7 26. Bxe7 Qxe7 27. Rhg1
Ra7 28. f6 Qf7 29. Nxg7 Kh8 30. Qg5 Be6 31. Nxe6 Qxe6 32. f7 1-0

[Event "Championnat de France - Open C"]
[Site "Pau"]
[Date "2008.08.15"]
[Round "4.4"]
[White "Tison, Freddy"]
[Black "Froment, Theophile"]
[Result "1/2-1/2"]
[WhiteElo "1740"]
[BlackElo "1661"]
[PlyCount "118"]

1. e4 c5 2. c3 d5 3. exd5 Qxd5 4. Nf3 Nf6 5. d4 e6 6. Nbd2 Nc6 7. Bc4 Qd8 8.
Nb3 cxd4 9. Nbxd4 Be7 10. O-O O-O 11. Nxc6 bxc6 12. Qa4 Bd7 13. Bf4 Qb6 14. Qc2
c5 15. Rfd1 Bc6 16. Ne5 Rad8 17. Nxc6 Qxc6 18. Bg5 h6 19. Bh4 Rxd1+ 20. Rxd1
Rd8 21. Rxd8+ Bxd8 22. Qd2 Be7 23. f3 Qd6 24. Qxd6 Bxd6 25. Bf2 Nd5 26. Kf1 Nb6
27. Bb5 Kf8 28. Ke2 Ke7 29. Kd3 Kf6 30. a4 Kg6 31. a5 Nd5 32. Kc4 Kf6 33. Bxc5
Bb8 34. g3 g5 35. Bc6 Nc7 36. Bd6 e5 37. b4 Ke6 38. Bf8 h5 39. b5 f5 40. Kc5 g4
41. Bd6 Na6+ 42. bxa6 Bxd6+ 43. Kc4 Bc7 44. Kb5 f4 45. gxf4 exf4 46. fxg4 hxg4
47. Bb7 Kd6 48. Bc8 g3 49. hxg3 fxg3 50. Bb7 Kd7 51. c4 Kd6 52. Bg2 Kd7 53.
Bh3+ Kd6 54. c5+ Kd5 55. Bg2+ Kd4 56. Kc6 Bxa5 57. Kb7 Kxc5 58. Kxa7 Bb6+ 59.
Kb7 Kb5 1/2-1/2

[Event "Championnat de France - Open C"]
[Site "Pau"]
[Date "2008.08.15"]
[Round "4.5"]
[White "Aguilera, Esteban"]
[Black "Teyssier, Jean-Paul"]
[Result "1-0"]
[WhiteElo "1680"]
[BlackElo "1725"]
[PlyCount "71"]

1. Nf3 Nf6 2. c4 e6 3. Nc3 b6 4. g3 Bb7 5. Bg2 c5 6. O-O Be7 7. Re1 d6 8. e4
Nbd7 9. d4 cxd4 10. Nxd4 Rc8 11. e5 Bxg2 12. exf6 Bxf6 13. Kxg2 Rxc4 14. Nxe6
fxe6 15. Rxe6+ Kf7 16. Rxd6 Qa8+ 17. Qd5+ Qxd5+ 18. Nxd5 Nc5 19. Nxf6 gxf6 20.
Be3 Re8 21. Rc1 Rxc1 22. Bxc1 Re6 23. Rd8 a5 24. Be3 Re8 25. Rxe8 Kxe8 26. Bxc5
bxc5 27. Kf3 Kf7 28. Ke4 Ke6 29. g4 a4 30. b3 axb3 31. axb3 Kd6 32. Kf5 Kd5 33.
Kxf6 Kd4 34. Kg7 Kc3 35. Kxh7 Kxb3 36. g5 1-0

[Event "Championnat de France - Open C"]
[Site "Pau"]
[Date "2008.08.15"]
[Round "4.6"]
[White "Julien, Clement"]
[Black "Jullien, Patrick"]
[Result "1-0"]
[WhiteElo "1728"]
[BlackElo "1786"]
[PlyCount "77"]

1. e4 e5 2. Nf3 Nc6 3. Bc4 Bc5 4. c3 Nf6 5. d3 d6 6. Nbd2 O-O 7. O-O Be6 8. h3
Qd7 9. Bb5 a6 10. Ba4 b5 11. Bc2 h6 12. Re1 Bxh3 13. gxh3 Qxh3 14. Nf1 Qg4+ 15.
Kh1 Bxf2 16. N1h2 Qh3 17. Re2 Ng4 18. Qf1 Qxf1+ 19. Nxf1 Rab8 20. N1h2 Nxh2 21.
Rxf2 Nxf3 22. Rxf3 b4 23. Ba4 Ne7 24. Bb3 Nc6 25. Bd2 bxc3 26. Bxc3 Nd4 27.
Bxd4 exd4 28. Raf1 Rxb3 29. axb3 f6 30. Rg3 Rb8 31. Rxf6 Rxb3 32. Rxh6 Rxb2 33.
Rhg6 a5 34. Rxg7+ Kf8 35. Rxc7 a4 36. Ra7 Ra2 37. Rg2 Ra1+ 38. Rg1 Ra2 39. Rb1
1-0

[Event "Championnat de France - Open C"]
[Site "Pau"]
[Date "2008.08.15"]
[Round "4.7"]
[White "Germond, Thierry"]
[Black "Rossinot, Helene"]
[Result "1-0"]
[WhiteElo "1695"]
[BlackElo "1770"]
[PlyCount "91"]

1. Nf3 c5 2. c4 Nc6 3. g3 g6 4. Bg2 Bg7 5. O-O Nf6 6. Nc3 O-O 7. d4 d5 8. cxd5
Nxd5 9. Nxd5 Qxd5 10. Ne5 Qxd4 11. Nxc6 bxc6 12. Be3 Qxd1 13. Rfxd1 Rb8 14.
Bxc5 Rxb2 15. Bxc6 Rxe2 16. Re1 Ba6 17. Rxe2 Bxe2 18. Re1 Bc4 19. Rxe7 Rc8 20.
Rxa7 Bxa2 21. Rxa2 Rxc6 22. Ra8+ Bf8 23. Bxf8 h5 24. Ba3+ Kh7 25. Bb2 f6 26.
Ra7+ Kg8 27. Rb7 Re6 28. f3 Kf8 29. Kf2 Rc6 30. g4 h4 31. h3 Rc2+ 32. Kg1 Rc6
33. Kf2 Re6 34. f4 Rc6 35. g5 f5 36. Bf6 Rc2+ 37. Kf3 Rh2 38. Be5 Rxh3+ 39. Kg2
Rd3 40. Rg7 Rg3+ 41. Kh2 Rg4 42. Rxg6 Kf7 43. Rf6+ Ke7 44. Rxf5 Ke6 45. Rf6+
Kd5 46. Kh3 1-0

[Event "Championnat de France - Open C"]
[Site "Pau"]
[Date "2008.08.15"]
[Round "4.8"]
[White "Saucey, Capucine"]
[Black "Pinel, Jeremy"]
[Result "0-1"]
[WhiteElo "1770"]
[BlackElo "1740"]
[PlyCount "60"]

1. e4 c5 2. c3 d5 3. exd5 Qxd5 4. d4 g6 5. Nf3 Bg7 6. Be3 cxd4 7. cxd4 Nh6 8.
Nc3 Qa5 9. Rc1 O-O 10. Be2 Nf5 11. O-O Nxe3 12. fxe3 Bh6 13. Qd3 Bf5 14. Qd2
Nc6 15. d5 Rad8 16. Bc4 e6 17. Rcd1 Qc5 18. Qe2 Qxe3+ 19. Qxe3 Bxe3+ 20. Kh1
Na5 21. Be2 Bc2 22. Rde1 exd5 23. Nd1 Bxd1 24. Rxd1 Nc6 25. a3 a6 26. Rd3 Rfe8
27. Rfd1 d4 28. Bf1 Ne5 29. Rxe3 dxe3 30. Rxd8 Rxd8 0-1

[Event "Championnat de France - Open C"]
[Site "Pau"]
[Date "2008.08.15"]
[Round "4.9"]
[White "Naudion, Eric"]
[Black "Chazeau, Laineur-Lothaire"]
[Result "1/2-1/2"]
[WhiteElo "1764"]
[BlackElo "1710"]
[PlyCount "57"]

1. d4 d5 2. e3 Nf6 3. Bd3 e6 4. Nd2 Bd6 5. Ngf3 Nbd7 6. O-O b6 7. e4 dxe4 8.
Nxe4 Be7 9. Ne5 Bb7 10. Nxf6+ Nxf6 11. Bb5+ Kf8 12. Bc6 Bxc6 13. Nxc6 Qd5 14.
Ne5 Rd8 15. Be3 Nd7 16. c4 Qb7 17. Nxd7+ Rxd7 18. Qa4 Rd8 19. Rfd1 h5 20. Rd3
c6 21. Rad1 g6 22. Qb3 Kg7 23. d5 exd5 24. cxd5 cxd5 25. Rxd5 Rxd5 26. Qxd5
Qxd5 27. Rxd5 Rd8 28. Bd4+ f6 29. Rxd8 1/2-1/2

[Event "Championnat de France - Open C"]
[Site "Pau"]
[Date "2008.08.15"]
[Round "4.10"]
[White "Masset, Jacques"]
[Black "Gioanni, Thibaut"]
[Result "1-0"]
[WhiteElo "1752"]
[BlackElo "1701"]
[PlyCount "90"]

1. d4 d5 2. c4 c6 3. Nf3 Nf6 4. Nc3 e6 5. e3 Nbd7 6. Bd3 Bd6 7. O-O O-O 8. e4
dxe4 9. Nxe4 Nxe4 10. Bxe4 Nf6 11. Bc2 Qc7 12. Bg5 Ng4 13. h3 Nh2 14. Nxh2
Bxh2+ 15. Kh1 Bf4 16. Qd3 g6 17. Bf6 e5 18. g4 Be6 19. b3 Rfe8 20. Rad1 b5 21.
Qc3 exd4 22. Qxd4 c5 23. Qc3 Bd7 24. Bh8 Bc6+ 25. f3 Be5 26. Bxe5 Rxe5 27. cxb5
Bxb5 28. Bd3 Re3 29. Qc2 Bxd3 30. Rxd3 Rae8 31. Rxe3 Rxe3 32. Kg2 Qe5 33. Rf2
h5 34. Qb2 Qf4 35. Qd2 h4 36. Qd8+ Kg7 37. Qxh4 g5 38. Qg3 Qd4 39. h4 gxh4 40.
Qxh4 Qf4 41. Qh5 Re5 42. Qh2 Qd4 43. Qg3 Qc3 44. Qf4 f6 45. Qd2 Qa5 1-0

[Event "Championnat de France - Open C"]
[Site "Pau"]
[Date "2008.08.16"]
[Round "5.2"]
[White "Afraoui, Solenn"]
[Black "Aguilera, Esteban"]
[Result "0-1"]
[WhiteElo "1710"]
[BlackElo "1680"]
[PlyCount "50"]

1. e4 c5 2. Nf3 Nc6 3. d4 cxd4 4. Nxd4 Nf6 5. Nc3 e5 6. Ndb5 d6 7. Nd5 Nxd5 8.
exd5 Nb8 9. Qf3 a6 10. Qa3 b6 11. c4 Bb7 12. Nc3 Be7 13. Be2 O-O 14. O-O f5 15.
f4 Nd7 16. Be3 exf4 17. Rxf4 Bg5 18. Rf3 Ne5 19. Rh3 f4 20. Bd4 Bc8 21. Bxe5
Bxh3 22. Bxd6 f3 23. gxh3 Be3+ 24. Kh1 Qg5 25. Bxf3 Rxf3 0-1

[Event "Championnat de France - Open C"]
[Site "Pau"]
[Date "2008.08.16"]
[Round "5.3"]
[White "Tison, Freddy"]
[Black "Masset, Jacques"]
[Result "1-0"]
[WhiteElo "1740"]
[BlackElo "1752"]
[PlyCount "63"]

1. e4 Nf6 2. e5 Nd5 3. d4 d6 4. f4 Nb6 5. Nf3 Bg4 6. h3 Bf5 7. g4 Be4 8. Nc3
Bxf3 9. Qxf3 dxe5 10. Qxb7 exd4 11. Nb5 Kd7 12. Nxd4 e6 13. Bb5+ Ke7 14. Be3
Qc8 15. Nc6+ Nxc6 16. Qxc6 Nd5 17. Bc5+ Kf6 18. g5+ Kg6 19. Bd3+ f5 20. gxf6+
Kxf6 21. Bd4+ Kf7 22. f5 Nb4 23. fxe6+ Qxe6+ 24. Qxe6+ Kxe6 25. Bc4+ Kf5 26.
O-O-O c5 27. Bc3 Re8 28. Rdf1+ Kg5 29. h4+ Kh6 30. Bd2+ g5 31. Bxg5+ Kg7 32.
Bf6+ 1-0

[Event "Championnat de France - Open C"]
[Site "Pau"]
[Date "2008.08.16"]
[Round "5.4"]
[White "Froment, Theophile"]
[Black "Tran, Alex"]
[Result "1/2-1/2"]
[WhiteElo "1661"]
[BlackElo "1750"]
[PlyCount "59"]

1. e4 c5 2. Nf3 d6 3. d4 cxd4 4. Nxd4 a6 5. Nc3 Nf6 6. f3 e5 7. Nb3 Be7 8. Be3
O-O 9. Qd2 a5 10. a4 Be6 11. g4 Bxb3 12. cxb3 Nc6 13. Bc4 Nd4 14. Bxd4 exd4 15.
Qxd4 d5 16. Nxd5 Nxd5 17. Bxd5 Bb4+ 18. Ke2 b6 19. Rhd1 Qh4 20. Qf2 Qf6 21.
Rab1 Rac8 22. Kf1 Bc5 23. Qe2 Rce8 24. Kg2 h6 25. Re1 Re7 26. Rbd1 Kh8 27. Bc6
Re6 28. Bd5 Re7 29. Bc6 Re6 30. Bd5 1/2-1/2

[Event "Championnat de France - Open C"]
[Site "Pau"]
[Date "2008.08.16"]
[Round "5.5"]
[White "Falais, Jean-Francois"]
[Black "Julien, Clement"]
[Result "0-1"]
[WhiteElo "1747"]
[BlackElo "1728"]
[PlyCount "106"]

1. d4 d5 2. c4 Bf5 3. e3 e6 4. cxd5 exd5 5. Nc3 c6 6. Bd3 Bxd3 7. Qxd3 Nf6 8.
Nf3 Nbd7 9. O-O Be7 10. e4 dxe4 11. Nxe4 O-O 12. Nxf6+ Bxf6 13. Be3 Nb6 14.
Rad1 Qd5 15. b3 Rad8 16. Qc2 Rd7 17. Qc5 Rfd8 18. Qxd5 Nxd5 19. Rd2 a5 20. Bg5
Bxg5 21. Nxg5 Nf4 22. g3 Rxd4 23. Rxd4 Ne2+ 24. Kg2 Nxd4 25. Rd1 Ne6 26. Rxd8+
Nxd8 27. Kf3 f6 28. Nh3 Ne6 29. Ke4 Kf7 30. Ng1 Ke7 31. f4 g6 32. g4 Nc5+ 33.
Kd4 Kd6 34. Ne2 b5 35. Nc1 Na6 36. h4 Nb4 37. h5 f5 38. hxg6 hxg6 39. gxf5 gxf5
40. a4 c5+ 41. Ke3 Nd5+ 42. Kf3 bxa4 43. bxa4 c4 44. Kg3 Nc3 45. Kf3 Nxa4 46.
Ke3 Kd5 47. Ne2 Nc5 48. Nd4 Nb3 49. Nxf5 a4 50. Ne7+ Kd6 51. Nc8+ Ke6 52. Nb6
a3 53. Nxc4 a2 0-1

[Event "Championnat de France - Open C"]
[Site "Pau"]
[Date "2008.08.16"]
[Round "5.6"]
[White "Pinel, Jeremy"]
[Black "Germond, Thierry"]
[Result "1/2-1/2"]
[WhiteElo "1740"]
[BlackElo "1695"]
[PlyCount "88"]

1. e4 e5 2. Nf3 Nc6 3. Bb5 a6 4. Ba4 Nf6 5. O-O Be7 6. Re1 b5 7. Bb3 d6 8. h3
O-O 9. c3 Na5 10. Bc2 c5 11. d4 Qc7 12. d5 Nc4 13. Nbd2 Nb6 14. Nf1 Bd7 15. g4
g6 16. Bh6 Rfc8 17. b3 Bf8 18. Qd2 Qd8 19. Ng3 Kh8 20. Kg2 Bxh6 21. Qxh6 Ng8
22. Qe3 h6 23. g5 f6 24. gxh6 Kh7 25. Nd2 b4 26. c4 Qf8 27. Rh1 Qxh6 28. Qxh6+
Nxh6 29. Ne2 Rg8 30. Raf1 g5 31. Ng3 Be8 32. Rh2 Nd7 33. f3 Nf8 34. a3 bxa3 35.
Ra1 Ng6 36. Rxa3 Nf4+ 37. Kf2 Bd7 38. Nf5 Nxf5 39. exf5 Kg7 40. Nf1 Rh8 41. Kg3
Rh4 42. Ne3 Nh5+ 43. Kf2 Nf4 44. Kg3 Nh5+ 1/2-1/2

[Event "Championnat de France - Open C"]
[Site "Pau"]
[Date "2008.08.16"]
[Round "5.7"]
[White "Copin, Valentin"]
[Black "Burille, Matthieu"]
[Result "1/2-1/2"]
[WhiteElo "1775"]
[BlackElo "1562"]
[PlyCount "61"]

1. e4 c5 2. Nf3 d6 3. d4 cxd4 4. Nxd4 Nf6 5. Nc3 a6 6. Be2 e6 7. Be3 Qc7 8. O-O
b5 9. a3 Bb7 10. Bd3 Nbd7 11. Nb3 Be7 12. f4 Rc8 13. f5 e5 14. Qe1 O-O 15. h3
d5 16. exd5 Nxd5 17. Ne4 Nxe3 18. Qxe3 Nf6 19. Nxf6+ Bxf6 20. Nd2 Be7 21. Ne4
Bc5 22. Nxc5 Qxc5 23. Qxc5 Rxc5 24. Rfe1 Re8 25. g4 e4 26. c3 Rce5 27. Be2 g6
28. f6 R5e6 29. Rf1 Rd6 30. Rad1 Red8 31. h4 1/2-1/2

[Event "Championnat de France - Open C"]
[Site "Pau"]
[Date "2008.08.16"]
[Round "5.8"]
[White "Chazeau, Laineur-Lothaire"]
[Black "Citterio, Jean-Claude"]
[Result "0-1"]
[WhiteElo "1710"]
[BlackElo "1776"]
[PlyCount "103"]

1. d4 Nf6 2. Bf4 d5 3. e3 c5 4. c3 Nc6 5. Nd2 cxd4 6. exd4 Bf5 7. Ngf3 e6 8. h3
Bd6 9. Ne5 Qc7 10. Bb5 O-O 11. Bxc6 bxc6 12. O-O c5 13. Ndf3 h6 14. Bh2 Ne4 15.
Nd3 Rab8 16. Bxd6 Qxd6 17. dxc5 Nxc5 18. Nxc5 Qxc5 19. Qd2 Rb7 20. Rfc1 Rfb8
21. b3 Be4 22. Ne5 Qa5 23. Nd3 Rc7 24. b4 Qa3 25. Nc5 Bf5 26. Nb3 Rbc8 27. Nc5
Rc6 28. Kh2 a5 29. Nb3 axb4 30. cxb4 Rc2 31. Qe1 Qb2 32. Kg1 R8c4 33. Rcb1 Qa3
34. Rc1 Rxa2 35. Rxa2 Qxa2 36. Na5 Rxc1 37. Qxc1 Qa4 38. Qc5 Bd3 39. Nc6 Qb5
40. Qxb5 Bxb5 41. Nd4 Bd7 42. f4 Kf8 43. Kf2 Ke7 44. Ke3 Kd6 45. Kd3 f6 46. h4
e5 47. fxe5+ fxe5 48. Nb3 d4 49. g3 Kd5 50. Nd2 e4+ 51. Kc2 e3 52. Nb3 0-1

[Event "Championnat de France - Open C"]
[Site "Pau"]
[Date "2008.08.16"]
[Round "5.9"]
[White "Gautheron, Andre"]
[Black "Robion, Jean-Claude"]
[Result "1-0"]
[WhiteElo "1707"]
[BlackElo "1773"]
[PlyCount "87"]

1. e4 e5 2. Nf3 Nc6 3. d4 exd4 4. Nxd4 Bc5 5. Nxc6 Qf6 6. Qe2 Qxc6 7. Nc3 Ne7
8. Be3 O-O 9. Bxc5 Qxc5 10. Qc4 Qxc4 11. Bxc4 c6 12. O-O d6 13. Rad1 Rd8 14.
Rd3 Be6 15. Bxe6 fxe6 16. Rfd1 d5 17. a4 Ng6 18. exd5 exd5 19. Ne2 Re8 20. Kf1
Re4 21. Rd4 Rae8 22. Ng3 Rxd4 23. Rxd4 Kf7 24. c4 dxc4 25. Rxc4 Re5 26. b4 Ke6
27. f4 Rd5 28. f5+ Rxf5+ 29. Nxf5 Kxf5 30. b5 Ne5 31. Rc5 Ke6 32. bxc6 Nxc6 33.
Ke2 Kd6 34. Rh5 h6 35. Kd3 b6 36. Ke4 a6 37. g4 Ne7 38. Kd4 Nc6+ 39. Ke4 Ne7
40. Rh3 b5 41. axb5 axb5 42. Rb3 Kc5 43. Rc3+ Kb4 44. Rc7 1-0

[Event "Championnat de France - Open C"]
[Site "Pau"]
[Date "2008.08.16"]
[Round "5.10"]
[White "Vlahovic, Dimitri"]
[Black "Pouillart, Cecile"]
[Result "1-0"]
[WhiteElo "1768"]
[BlackElo "1710"]
[PlyCount "71"]

1. e4 e5 2. Bc4 Bc5 3. d3 Nc6 4. c3 Nf6 5. Bg5 h6 6. Bh4 d6 7. Bb5 Bd7 8. Nf3
a6 9. Ba4 Qe7 10. Nbd2 O-O 11. O-O b5 12. Bc2 Bg4 13. h3 Bh5 14. g4 Bg6 15. Kh2
Qe6 16. Bb3 Qd7 17. Bxf6 gxf6 18. Nh4 Bh7 19. Bd5 Rab8 20. Bxc6 Qxc6 21. Qf3
Kg7 22. Nf5+ Bxf5 23. Qxf5 Qe8 24. Nf3 Qe6 25. Qh5 Rg8 26. Nh4 Kh7 27. Nf5 Rg6
28. d4 exd4 29. cxd4 Bb6 30. f4 Re8 31. Rfe1 Ba5 32. d5 Qd7 33. Re2 c6 34. Nh4
Rg7 35. Qf5+ Qxf5 36. Nxf5 1-0

[Event "Championnat de France - Open C"]
[Site "Pau"]
[Date "2008.08.17"]
[Round "6.1"]
[White "Aguilera, Esteban"]
[Black "Kouatly, Sami"]
[Result "1/2-1/2"]
[WhiteElo "1680"]
[BlackElo "1707"]
[PlyCount "39"]

1. Nf3 Nf6 2. c4 g6 3. g3 Bg7 4. Bg2 O-O 5. O-O d5 6. cxd5 Nxd5 7. Nc3 c5 8.
Qb3 e6 9. d3 Nc6 10. Bd2 Qd7 11. Rac1 b6 12. Ne1 Nd4 13. Qd1 Bb7 14. Rb1 Rfd8
15. a3 Rac8 16. Nxd5 exd5 17. Bc3 Bh6 18. e3 Nf5 19. Bd2 Nd6 20. Nf3 1/2-1/2

[Event "Championnat de France - Open C"]
[Site "Pau"]
[Date "2008.08.17"]
[Round "6.2"]
[White "Julien, Clement"]
[Black "Tison, Freddy"]
[Result "1-0"]
[WhiteElo "1728"]
[BlackElo "1740"]
[PlyCount "53"]

1. e4 d6 2. d4 Nf6 3. Nc3 g6 4. Bc4 Bg7 5. f4 c5 6. dxc5 Qa5 7. e5 dxe5 8. fxe5
Ng4 9. Bb5+ Nc6 10. Qd5 Ngxe5 11. Nf3 Nxf3+ 12. Qxf3 Bxc3+ 13. Qxc3 Qxc3+ 14.
bxc3 a6 15. Bxc6+ bxc6 16. Rb1 Bf5 17. Rb6 Be4 18. O-O e6 19. Bh6 Bxc2 20. Rxc6
Ba4 21. Rc7 f5 22. Re1 Bd7 23. c6 Bc8 24. Rd1 a5 25. Bg5 Ba6 26. Re7+ Kf8 27.
c7 1-0

[Event "Championnat de France - Open C"]
[Site "Pau"]
[Date "2008.08.17"]
[Round "6.4"]
[White "Germond, Thierry"]
[Black "Vlahovic, Dimitri"]
[Result "1/2-1/2"]
[WhiteElo "1695"]
[BlackElo "1768"]
[PlyCount "77"]

1. Nf3 d5 2. d4 Nf6 3. c4 c6 4. g3 g6 5. Bg2 Bg7 6. O-O dxc4 7. Ne5 O-O 8. Nxc4
Nbd7 9. Nc3 Nb6 10. Ne5 Ng4 11. Nf3 e5 12. dxe5 Nxe5 13. Nxe5 Bxe5 14. Bh6 Qxd1
15. Nxd1 Re8 16. Rc1 Be6 17. b3 Bd5 18. e4 Be6 19. Ne3 a5 20. Kh1 a4 21. f4 Bd4
22. f5 gxf5 23. exf5 Bd5 24. Nxd5 Nxd5 25. Bxd5 cxd5 26. Rcd1 Re4 27. Rf4 Be5
28. Rxe4 dxe4 29. Re1 axb3 30. axb3 Ra1 31. Rxa1 Bxa1 32. Kg2 Bd4 33. Kf1 f6
34. Ke2 Bg1 35. h3 Bd4 36. g4 b5 37. h4 Kf7 38. Be3 Be5 39. Bc5 1/2-1/2

[Event "Championnat de France - Open C"]
[Site "Pau"]
[Date "2008.08.17"]
[Round "6.5"]
[White "Froment, Theophile"]
[Black "Bouzetine, Frederic"]
[Result "1-0"]
[WhiteElo "1661"]
[BlackElo "1760"]
[PlyCount "89"]

1. e4 c6 2. c4 d5 3. cxd5 cxd5 4. exd5 Nf6 5. Qa4+ Bd7 6. Qb3 Qc7 7. Nc3 e6 8.
Bc4 exd5 9. Nxd5 Nxd5 10. Bxd5 Bc6 11. Bxc6+ Nxc6 12. Nf3 O-O-O 13. O-O Nd4 14.
Nxd4 Rxd4 15. d3 Bd6 16. h3 Kb8 17. Be3 Rb4 18. Qc3 Rb5 19. Qxc7+ Bxc7 20. b3
Rd8 21. Rfd1 Rbd5 22. d4 Bb6 23. Rd2 f5 24. g4 Bc7 25. gxf5 Rxf5 26. Rad1 Rdd5
27. Rc2 g5 28. Rdc1 Rf7 29. Rc5 Rfd7 30. Rxd5 Rxd5 31. Rc5 Rxc5 32. dxc5 Bd8
33. Kg2 Kc7 34. Kf3 Be7 35. Kg4 Kd7 36. Bxg5 Bxc5 37. Be3 b6 38. Bxc5 bxc5 39.
Kf5 Kd6 40. f4 Kd5 41. Kf6 a5 42. f5 a4 43. Kg7 a3 44. f6 c4 45. bxc4+ 1-0

[Event "Championnat de France - Open C"]
[Site "Pau"]
[Date "2008.08.17"]
[Round "6.6"]
[White "Graciette, Paul"]
[Black "Bekhouche, Erick"]
[Result "1-0"]
[WhiteElo "1760"]
[BlackElo "1610"]
[PlyCount "89"]

1. d4 Nf6 2. e3 e6 3. Nd2 b6 4. f4 Bb7 5. Ngf3 Nc6 6. c3 Ne7 7. Bd3 Ng6 8. O-O
Qe7 9. Ne5 O-O-O 10. Qa4 Kb8 11. Ba6 Nxe5 12. fxe5 Nd5 13. Nf3 c6 14. Bxb7 Kxb7
15. e4 Nc7 16. Qb3 h6 17. a4 g5 18. a5 g4 19. axb6 axb6 20. d5 Qc5+ 21. Nd4 h5
22. d6 Ra8 23. Rxa8 Nxa8 24. Rxf7 Qxe5 25. Rxd7+ Kc8 26. Ra7 Bxd6 27. Rxa8+ Kb7
28. Rxh8 Qxh2+ 29. Kf1 Qh1+ 30. Ke2 Qxg2+ 31. Kd3 Qf1+ 32. Ne2 Qf3+ 33. Be3 Bc5
34. Nd4 Qf1+ 35. Kd2 Qg2+ 36. Ne2 Bxe3+ 37. Kxe3 Qf3+ 38. Kd2 Qxe4 39. Qc2 Qd5+
40. Qd3 Qg5+ 41. Kc2 b5 42. Qh7+ Kb6 43. Rb8+ Kc5 44. b4+ Kd5 45. Qd3+ 1-0

[Event "Championnat de France - Open C"]
[Site "Pau"]
[Date "2008.08.17"]
[Round "6.7"]
[White "Tran, Alex"]
[Black "Scherrer, Gilles"]
[Result "1/2-1/2"]
[WhiteElo "1750"]
[BlackElo "1692"]
[PlyCount "137"]

1. c4 Nf6 2. Nc3 g6 3. g3 Bg7 4. Bg2 c6 5. Nf3 d5 6. cxd5 cxd5 7. d4 Nc6 8. O-O
O-O 9. h3 Bd7 10. Kh2 Re8 11. Be3 Rc8 12. Rc1 a6 13. Ne5 e6 14. Qd2 b5 15. a3
Na5 16. Qd1 Nc4 17. Rb1 Nxb2 18. Rxb2 Rxc3 19. Ra2 Qe7 20. Bc1 Rec8 21. Qd2 Ne8
22. Nxd7 Qxd7 23. e3 Qc7 24. Ra1 Bf8 25. e4 dxe4 26. Bxe4 Nf6 27. Bd3 Bd6 28.
Bb2 Rc6 29. Rac1 Qd7 30. Rxc6 Rxc6 31. Qg5 Nd5 32. Be4 Be7 33. Qh6 Bf6 34. Re1
Bg7 35. Qd2 Rc8 36. h4 Nb6 37. Rd1 Na4 38. Qe2 Nxb2 39. Qxb2 Rd8 40. Qb3 Bxd4
41. Kg2 Qa7 42. a4 bxa4 43. Qxa4 f5 44. Bb1 Qb6 45. Ba2 Kf7 46. Re1 Rd6 47.
Bxe6+ Rxe6 48. Qd7+ Kf6 49. Rxe6+ Qxe6 50. Qxd4+ Kf7 51. Qa7+ Kg8 52. Kh2 Qc8
53. Qb6 Qc4 54. Qd8+ Kg7 55. Qe7+ Qf7 56. Qe5+ Qf6 57. Qc7+ Kh6 58. Qf4+ g5 59.
hxg5+ Qxg5 60. Qd6+ Qg6 61. Qd2+ Kg7 62. Qd4+ Qf6 63. Qd7+ Kg6 64. Qa4 h6 65.
Qe8+ Kg5 66. Qe3+ f4 67. Qc5+ Qf5 68. Qe7+ Kg4 69. Qe2+ 1/2-1/2

[Event "Championnat de France - Open C"]
[Site "Pau"]
[Date "2008.08.17"]
[Round "6.8"]
[White "Burille, Matthieu"]
[Black "Pinel, Jeremy"]
[Result "0-1"]
[WhiteElo "1562"]
[BlackElo "1740"]
[PlyCount "92"]

1. d4 Nf6 2. e3 d5 3. Bd3 e6 4. Nd2 b6 5. f4 Bb7 6. Qf3 c5 7. c3 g6 8. Nh3 Nbd7
9. O-O Bg7 10. Nf2 Qc7 11. a4 a6 12. h3 h5 13. Qe2 h4 14. Nf3 Ne4 15. Bxe4 dxe4
16. Ne5 Nf6 17. Rd1 Rd8 18. b3 Nh5 19. Ba3 Ng3 20. Qg4 Nf5 21. Qe2 Bxe5 22.
dxe5 O-O 23. Ng4 Rxd1+ 24. Rxd1 Rd8 25. Kf2 Ng3 26. Nf6+ Kg7 27. Qg4 Rxd1 28.
Qxd1 Bc6 29. b4 c4 30. Qd4 b5 31. Qc5 Qd8 32. Qd4 Qxd4 33. exd4 bxa4 34. Ng4
e3+ 35. Kxe3 Bxg2 36. Nf2 Nf5+ 37. Kd2 Nh6 38. Kc2 f6 39. Bc1 Nf7 40. exf6+
Kxf6 41. Ng4+ Ke7 42. Ne5 Nxe5 43. fxe5 Bxh3 44. Bg5+ Kd7 45. Bxh4 Bf5+ 46. Kd1
Kc6 0-1

[Event "Championnat de France - Open C"]
[Site "Pau"]
[Date "2008.08.17"]
[Round "6.10"]
[White "Romero, Vladimir"]
[Black "Gautheron, Andre"]
[Result "1-0"]
[WhiteElo "1516"]
[BlackElo "1707"]
[PlyCount "105"]

1. e4 e6 2. d4 d5 3. exd5 exd5 4. Bd3 Bd6 5. Nf3 Ne7 6. O-O Bf5 7. c3 O-O 8.
Bg5 f6 9. Bh4 c6 10. Bg3 Bxd3 11. Qxd3 Qc7 12. Nbd2 Re8 13. Rfe1 Qd7 14. Nb3
Na6 15. Re2 Ng6 16. Rae1 Bxg3 17. hxg3 Rxe2 18. Qxe2 Kf7 19. Na5 Nf8 20. g4 Ne6
21. Nxb7 Re8 22. Qxa6 Nf4 23. Rxe8 Kxe8 24. Nc5 Qxg4 25. Qf1 Nh3+ 26. Kh2 Nf4
27. Nd3 Qh5+ 28. Kg1 Qf5 29. Nxf4 Qxf4 30. Qe2+ Kf7 31. Qe3 Qf5 32. Qc1 g5 33.
c4 g4 34. Nh4 Qe4 35. cxd5 cxd5 36. Qc7+ Ke8 37. Qb8+ Ke7 38. Qxa7+ Kd6 39.
Qb6+ Kd7 40. a4 Qe1+ 41. Kh2 Qxf2 42. Qb7+ Ke8 43. Qb8+ Kd7 44. Qg3 Qxd4 45.
Nf5 Qe5 46. Qxe5 fxe5 47. Kg3 d4 48. Kxg4 Ke6 49. Ng3 Kd5 50. Kf3 h6 51. a5 h5
52. b4 h4 53. Ne4 1-0

[Event "Championnat de France - Open C"]
[Site "Pau"]
[Date "2008.08.19"]
[Round "7.1"]
[White "Kouatly, Sami"]
[Black "Julien, Clement"]
[Result "1-0"]
[WhiteElo "1707"]
[BlackElo "1728"]
[PlyCount "67"]

1. d4 d5 2. c4 Bf5 3. cxd5 Bxb1 4. Qa4+ c6 5. Rxb1 Qxd5 6. Nf3 e6 7. a3 Nd7 8.
e3 Nb6 9. Qc2 Nf6 10. Bd3 h6 11. O-O Be7 12. b4 O-O 13. e4 Qd8 14. Bb2 Nh5 15.
g3 Nf6 16. Nh4 a5 17. b5 cxb5 18. Bxb5 Rc8 19. Qe2 Nh7 20. Ng2 Qc7 21. Rfc1 Qb8
22. Qe3 Rxc1+ 23. Rxc1 Rc8 24. d5 Rxc1+ 25. Bxc1 Qd6 26. Bb2 exd5 27. Qd4 f6
28. exd5 Qc5 29. Qd3 Qxd5 30. Qxd5+ Nxd5 31. Bc4 Kf8 32. Bxd5 b5 33. Nf4 Bd6
34. Ne6+ 1-0

[Event "Championnat de France - Open C"]
[Site "Pau"]
[Date "2008.08.19"]
[Round "7.2"]
[White "Citterio, Jean-Claude"]
[Black "Aguilera, Esteban"]
[Result "1/2-1/2"]
[WhiteElo "1776"]
[BlackElo "1680"]
[PlyCount "101"]

1. e4 c5 2. Nf3 Nc6 3. d4 cxd4 4. Nxd4 Nf6 5. Nc3 e5 6. Nde2 Bc5 7. f3 Qb6 8.
Qd2 Bf2+ 9. Kd1 a6 10. b3 O-O 11. Bb2 Rd8 12. Nd5 Nxd5 13. exd5 Be3 14. Qd3 Nb4
15. Qe4 Qc5 16. c4 a5 17. a3 Nc6 18. dxc6 dxc6+ 19. Kc2 f5 20. Qxe5 Rd2+ 21.
Kb1 Rxb2+ 22. Qxb2 f4 23. Ka2 a4 24. Rd1 Be6 25. Nd4 Bxd4 26. Rxd4 axb3+ 27.
Kxb3 b5 28. Ka2 b4 29. Be2 Rxa3+ 30. Kb1 Bf5+ 31. Re4 Qe3 32. Bd1 Bxe4+ 33.
fxe4 Qxe4+ 34. Bc2 Qxc4 35. Rd1 Re3 36. Rd8+ Kf7 37. Rd7+ Ke8 38. Rd1 Re2 39.
Rc1 Kf8 40. Qa1 h6 41. Qa8+ Ke7 42. Qb7+ Kf6 43. Qd7 Qe6 44. Qd4+ Qe5 45. Qxb4
Qb5 46. Qxb5 cxb5 47. Rf1 Kg5 48. h4+ Kxh4 49. Rxf4+ Kg3 50. Rf7 Rxg2 51. Rxg7+
1/2-1/2

[Event "Championnat de France - Open C"]
[Site "Pau"]
[Date "2008.08.19"]
[Round "7.3"]
[White "Graciette, Paul"]
[Black "Afraoui, Solenn"]
[Result "1-0"]
[WhiteElo "1760"]
[BlackElo "1710"]
[PlyCount "77"]

1. d4 Nf6 2. e3 g6 3. Nd2 Bg7 4. f4 d6 5. Ngf3 O-O 6. Bc4 Bg4 7. h3 Bxf3 8.
Qxf3 c6 9. O-O Nbd7 10. e4 e5 11. dxe5 dxe5 12. f5 Nc5 13. Qe3 Qb6 14. Re1 Rfd8
15. b3 Rd7 16. Ba3 Na6 17. Qxb6 axb6 18. Nf3 Nh5 19. Bb2 Nb4 20. Rec1 Rxa2 21.
Rxa2 Nxa2 22. Ra1 Nb4 23. Ra8+ Bf8 24. fxg6 hxg6 25. Nxe5 Rd1+ 26. Kh2 Nf4 27.
Bxf7+ Kg7 28. Nd7+ Kxf7 29. Rxf8+ Ke7 30. Rxf4 Kxd7 31. Rf7+ Kc8 32. Bf6 Nxc2
33. Rf8+ Kc7 34. e5 Ne3 35. Rf7+ Kc8 36. e6 Nf1+ 37. Kg1 Ne3+ 38. Kf2 Nd5 39.
Rf8+ 1-0